Радянські державно-пролітичні органи та релігія і церква у Волинській області (1944–1953) (Запис № 413732)

МАРК-запис
000 -LEADER
fixed length control field 00897caa a22002417a 4500
001 - CONTROL NUMBER
control field 126513
003 - CONTROL NUMBER IDENTIFIER
control field UA-OsUOA
005 - DATE AND TIME OF LATEST TRANSACTION
control field 20200116155225.0
007 - PHYSICAL DESCRIPTION FIXED FIELD--GENERAL INFORMATION
fixed length control field ta
008 - FIXED-LENGTH DATA ELEMENTS--GENERAL INFORMATION
fixed length control field 20171026b un ||||| |||| 00| 0 ukr d
040 ## - CATALOGING SOURCE
Original cataloging agency UA-OsUOA
Language of cataloging ukr
Transcribing agency UA-OsUOA
Modifying agency UA-OsUOA
041 ## - LANGUAGE CODE
Language code of text/sound track or separate title ukr
080 ## - UNIVERSAL DECIMAL CLASSIFICATION NUMBER
Universal Decimal Classification number 908
090 ## - LOCALLY ASSIGNED LC-TYPE CALL NUMBER (OCLC); LOCAL CALL NUMBER (OCLC)
Classification number (OCLC) (R) ; Classification number, CALL (RLIN) (NR) 908
Local cutter number (OCLC) ; Book number/undivided call number, CALL (RLIN) С91
100 ## - MAIN ENTRY--PERSONAL NAME
Personal name Сущук О.
245 ## - TITLE STATEMENT
Title Радянські державно-пролітичні органи та релігія і церква у Волинській області (1944–1953)
Statement of responsibility, etc О. Сущук
300 ## - PHYSICAL DESCRIPTION
Extent С. 204–212
650 #7 - SUBJECT ADDED ENTRY--TOPICAL TERM
Topical term or geographic name as entry element 908 Краєзнавство
Source of heading or term UDC
773 0# - HOST ITEM ENTRY
Host Biblionumber 364095
Host Itemnumber 387690
Place, publisher, and date of publication Острог НаУОА 2008
Other item identifier 134092
Title Наукові записки. Серія "Історичні науки"
Record control number (UA-OsUOA) 77792
942 ## - ADDED ENTRY ELEMENTS (KOHA)
Koha item type Складова частина документа
Source of classification or shelving scheme Universal Decimal Classification
955 ## - COPY-LEVEL INFORMATION (RLIN)
Classification number, CCAL (RLIN) Наукові видання

Немає доступних примірників.